U.S cities by Emojis - Statistics

General Stats
  • This quiz has been taken 301 times
  • The average score is 11 of 15
Answer Stats
Hint Answer % Correct
πŸ—½πŸŽπŸ€ New York City
100%
πŸŽ²πŸƒπŸΈ Las Vegas
82%
β­οΈπŸŽ¬πŸ„β€β™‚οΈ Los Angeles
82%
πŸŒ‰β›©πŸ¦­ San Francisco
81%
⚜️🎷🦐 New Orleans
75%
πŸ–πŸ¦©πŸΉ Miami
74%
πŸŒ¬πŸ•πŸ›« Chicago
73%
☘️⚾️🦞 Boston
72%
πŸ€ πŸš€πŸŽ Houston
70%
🎸🎢🀠 Nashville
70%
πŸ‘πŸ›«πŸŸ Atlanta
64%
β€οΈπŸ””πŸ₯ͺ Philadelphia
63%
πŸπŸ„β€β™‚οΈπŸ Honolulu
62%
πŸ¦¬πŸ”πŸΊ Denver
56%
πŸš—πŸ¦πŸŒ­ Detroit
54%
No matching quizzes found
Score Distribution
Percent of People with Each Score
Percentile by Number Answered
Your Score History
You have not taken this quiz